Design of prestressed concrete / (Record no. 533145)

000 -LEADER
fixed length control field 00979 a2200265 4500
003 - CONTROL NUMBER IDENTIFIER
control field OSt
005 - DATE AND TIME OF LATEST TRANSACTION
control field 20191212154838.0
008 - FIXED-LENGTH DATA ELEMENTS--GENERAL INFORMATION
fixed length control field 120703t xxu||||| |||| 00| 0 eng d
010 ## - LIBRARY OF CONGRESS CONTROL NUMBER
LC control number 78004929
020 ## - INTERNATIONAL STANDARD BOOK NUMBER
International Standard Book Number 0471020346
038 ## - RECORD CONTENT LICENSOR
Staff Name MSOHAIL
040 ## - CATALOGING SOURCE
Transcribing agency 0
082 00 - DEWEY DECIMAL CLASSIFICATION NUMBER
Classification number 624.1834
100 1# - MAIN ENTRY--PERSONAL NAME
Personal name Nilson, Arthur H.
9 (RLIN) 20244
245 10 - TITLE STATEMENT
Title Design of prestressed concrete /
Statement of responsibility, etc. Arthur H. Nilson.
260 ## - PUBLICATION, DISTRIBUTION, ETC.
Place of publication, distribution, etc. India:
Name of publisher, distributor, etc. Asia Publisher ,
Date of publication, distribution, etc. c1978.
300 ## - PHYSICAL DESCRIPTION
Extent xiii, 450 p. :
Other physical details ill. ;
Dimensions 24 cm.
650 10 - SUBJECT ADDED ENTRY--TOPICAL TERM
Topical term or geographic name entry element Prestressed concrete construction.
9 (RLIN) 20245
650 10 - SUBJECT ADDED ENTRY--TOPICAL TERM
Topical term or geographic name entry element Poured concrete
General subdivision structural engineering
9 (RLIN) 26885
650 10 - SUBJECT ADDED ENTRY--TOPICAL TERM
Topical term or geographic name entry element Concrete
General subdivision structural engineering
9 (RLIN) 26886
856 42 - ELECTRONIC LOCATION AND ACCESS
Materials specified Publisher description
Uniform Resource Identifier <a href="http://www.loc.gov/catdir/enhancements/fy0608/78004929-d.html">http://www.loc.gov/catdir/enhancements/fy0608/78004929-d.html</a>
856 42 - ELECTRONIC LOCATION AND ACCESS
Materials specified Table of contents only
Uniform Resource Identifier <a href="http://www.loc.gov/catdir/enhancements/fy0608/78004929-t.html">http://www.loc.gov/catdir/enhancements/fy0608/78004929-t.html</a>
942 ## - ADDED ENTRY ELEMENTS (KOHA)
Institution code [OBSOLETE] SADA
Koha item type Book
Call number prefix 624.1834 NIL 1978
Source of classification or shelving scheme
Holdings
Withdrawn status Lost status Source of classification or shelving scheme Damaged status Not for loan Permanent Location Current Location Date acquired Total Checkouts Full call number Barcode Date last seen Price effective from Koha item type
          School of Civil and Environmental Engineering (SCEE) School of Civil and Environmental Engineering (SCEE) 12/12/2019   624.1834 NIT-12897 12/12/2019 12/12/2019 Book
© 2023 Central Library, National University of Sciences and Technology. All Rights Reserved.